000 00678nam a2200229Ia 4500
003 OSt
005 20220923225115.0
006 a|||||r|||| 00| 0
007 ta
008 220922b |||||||| |||| 00| 0 hin d
024 _a257,473
037 _cTextual
040 _aARTS
_cARTS
_bhin
041 _2hin
_ahin
082 _aw(Y15),1, 152P4
100 _aवोहरा, आशारानी
_9156279
245 0 _aनोबल पुरस्कृत महिलाएॅं
246 _aNobal puraskṛut hinilāeॅan
260 _c2004
942 _hw(Y15),1, 152P4
_cTEXL
_2CC
999 _c376116
_d376116